Řízení lidských zdrojů a manažerská etika - II.

Činnosti, ktoré riadenie ľudských zdrojov zahrňuje. Personálne plánovanie. Plány vzdelávania zamestnancov, odmeňovania, penzionovania a prepúšťania a plán produktivity práce. Pokračovanie v budúcom čísle.

Gespeichert in:
Bibliographische Detailangaben
1. Verfasser: Brodský, Zdeněk
Weitere Verfasser: Kocman, Jean
Format: Buchkapitel
Sprache:Tschechisch
Schlagworte:
Tags: Tag hinzufügen
Keine Tags, Fügen Sie das erste Tag hinzu!

MARC

LEADER 00000naa$a2200000$$$4500
001 0026038
005 20231018124636.2
041 0 |a cze 
044 |a CZ 
245 1 0 |a Řízení lidských zdrojů a manažerská etika - II.  |c Zdeněk Brodský, Jean Kocman 
520 |a Činnosti, ktoré riadenie ľudských zdrojov zahrňuje. Personálne plánovanie. Plány vzdelávania zamestnancov, odmeňovania, penzionovania a prepúšťania a plán produktivity práce. Pokračovanie v budúcom čísle. 
610 2 0 |a riadenie ľudských zdrojov 
610 2 0 |a práca personálna 
610 2 0 |a plánovanie personálne 
610 2 0 |a výber pracovníkov 
610 2 0 |a odmeňovanie 
610 2 0 |a produktivita práce 
610 2 0 |a vzdelávanie 
100 1 |a Brodský, Zdeněk 
700 1 |a Kocman, Jean